[Event "OS INCLIVEIS"]
[Site "http://www.queenalice.com/game.php?id=1411542"]
[Date "2016.2.29"]
[Round "-"]
[White "elconfesor"]
[Black "adelio"]
[Result "1-0"]
[WhiteElo "1732"]
[BlackElo "1635"]

1. e4 a6 2. d4 c5 3. dxc5 e6 4. Be3 Nc6 5. Nf3 Be7 6. Nc3 d6 7. cxd6 Bxd6 8. g3
h6 9. Bf4 e5 10. Be3 Nf6 11. Qd2 Ng4 12. h3 Nxe3 13. Qxe3 Be6 14. O-O-O Nb4 15.
Kb1 Qe7 16. Nd2 Nxa2 17. Nxa2 Bxa2+ 18. Kxa2 O-O 19. Bc4 b5 20. Bb3 a5 21. Nf3
a4 22. Bd5 Rac8 23. Kb1 b4 24. Nh4 Qg5 25. Qxg5 hxg5 26. Nf5 Bc5 27. Rd2 Rcd8
28. g4 b3 29. c3 Rb8 30. h4 a3 31. hxg5 axb2 32. Rxb2 Ba3 33. Rxb3 Bc5 34. Ne3
g6 35. Rh6 Kg7 36. Kc2 Rbc8 37. Kd2 Rcd8 38. f3 Rfe8 39. Ng2 Bf2 40. f4 Bg3 41.
f5 gxf5 42. gxf5 Bf4+ 43. Nxf4 exf4 44. Ke2 Rxd5 45. c4 Rxe4+ 46. Kf3 Rxc4 47.
f6+ Kf8 48. Rb8+ Rd8 49. Rh8# 1-0

[Event "Challenge"]
[Site "http://www.queenalice.com/game.php?id=1412286"]
[Date "2016.3.5"]
[Round "-"]
[White "elconfesor"]
[Black "Cautor"]
[Result "0-1"]
[WhiteElo "1746"]
[BlackElo "1791"]

1. e4 e5 2. Bc4 c6 3. Qh5 Qe7 4. Bxf7+ Qxf7 5. Qxf7+ Kxf7 6. Nf3 d6 7. d3 h6 8.
Nc3 g5 9. h3 Bd7 10. Be3 b5 11. a3 Be7 12. g4 Nf6 13. Nh2 d5 14. exd5 cxd5 15.
d4 e4 16. f3 a5 17. Ne2 Na6 18. f4 b4 19. a4 b3 20. c3 gxf4 21. Bxf4 h5 22. g5
Nh7 23. h4 Kg6 24. O-O-O Bxa4 25. Be5 Rhf8 26. Nf4+ Kf5 27. Rhf1 Rac8 28. Nxd5+
Ke6 29. Nf4+ Kd7 30. Nxh5 e3 31. Rde1 e2 32. Rxf8 Nxf8 33. Rxe2 Bb5 34. Rf2 Nb4
35. Kd2 Nd3 36. Rf1 Nxe5 37. Rf5 Nc4+ 38. Kc1 Ng6 39. Nf3 Rf8 40. Rxf8 Bxf8 41.
Nf6+ Ke6 42. d5+ Kd6 43. h5 Nf4 44. Nd2 Nxd2 45. Kxd2 Nxd5 46. Ne4+ Ke5 47. Ng3
Kf4 0-1

[Event "Challenge"]
[Site "http://www.queenalice.com/game.php?id=1412287"]
[Date "2016.3.5"]
[Round "-"]
[White "Cautor"]
[Black "elconfesor"]
[Result "1-0"]
[WhiteElo "1652"]
[BlackElo "1752"]

1. d4 d5 2. Nc3 e6 3. e4 c6 4. e5 Bb4 5. Nh3 b6 6. Bd3 Ba6 7. Bg5 Qc7 8. Nf4 h6
9. Qh5 Ne7 10. Nxe6 Qd7 11. Nxg7+ Kf8 12. Bf6 Ng6 13. e6 Qc7 14. Bxg6 fxg6 15.
Qxg6 Bc8 16. Qe8# 1-0

[Event "Let's Play Chess!"]
[Site "http://www.queenalice.com/game.php?id=1413636"]
[Date "2016.3.16"]
[Round "-"]
[White "tucuman"]
[Black "elconfesor"]
[Result "1-0"]
[WhiteElo "1687"]
[BlackElo "1650"]

1. e4 e5 2. Nf3 Nc6 3. Bc4 Nd4 4. Nxd4 exd4 5. d3 d6 6. h3 Be6 7. Bxe6 fxe6 8.
O-O Nf6 9. Bg5 Be7 10. Bxf6 Bxf6 11. Nd2 g6 12. Qg4 Qe7 13. Rab1 O-O-O 14. Qd1
g5 15. a3 h5 16. Qc1 g4 17. hxg4 hxg4 18. Rd1 Be5 19. Kf1 Rh2 20. Ke2 Rxg2 21.
Rg1 Rxg1 22. Qxg1 Qg5 23. Rf1 Rh8 24. Kd1 Bf4 25. Nc4 1-0

[Event "Let's Play Chess!"]
[Site "http://www.queenalice.com/game.php?id=1413641"]
[Date "2016.3.16"]
[Round "-"]
[White "Rider"]
[Black "elconfesor"]
[Result "0-1"]
[WhiteElo "1646"]
[BlackElo "1692"]

1. d4 d5 2. e3 Bf5 3. c3 e6 4. Qa4+ Nc6 5. Bb5 Ne7 6. c4 a6 7. Bxc6+ Nxc6 8.
cxd5 exd5 9. Nc3 Bd3 10. Nge2 b5 11. Qb3 Nb4 12. O-O Bxe2 13. Nxe2 Nc6 14. Nf4
Ne7 15. Bd2 c6 16. a4 Ng6 17. Nxg6 hxg6 18. Qc3 Qd6 19. b3 Qxh2# 0-1

[Event "Let's Play Chess!"]
[Site "http://www.queenalice.com/game.php?id=1413644"]
[Date "2016.3.16"]
[Round "-"]
[White "elconfesor"]
[Black "Rider"]
[Result "0-1"]
[WhiteElo "1670"]
[BlackElo "1576"]

1. e4 d5 2. e5 e6 3. d4 Bd7 4. Nf3 Nc6 5. Bb5 a6 6. Ba4 b5 7. Bb3 Qe7 8. c3
O-O-O 9. a4 b4 10. c4 dxc4 11. Bxc4 a5 12. O-O f6 13. Bf4 g5 14. Ba6+ Kb8 15.
exf6 Qxf6 16. Be3 Nce7 17. Qd3 c6 18. Nbd2 Qg6 19. Ne4 g4 20. Nh4 Qh5 21. g3 Nd5
22. Bc4 Bc8 23. Ba6 Qf7 24. Bxc8 Rxc8 25. Qa6 Qa7 26. Qc4 h6 27. Ng6 Rh7 28.
Nxf8 Rxf8 29. Nc5 Re7 30. Bf4+ Nxf4 31. gxf4 Rxf4 0-1

[Event "Challenge"]
[Site "http://www.queenalice.com/game.php?id=1414329"]
[Date "2016.3.21"]
[Round "-"]
[White "kudd"]
[Black "elconfesor"]
[Result "0-1"]
[WhiteElo "1669"]
[BlackElo "1744"]

1. e4 e5 2. Nf3 Nc6 3. Bb5 Nd4 4. Nxe5 Nxb5 5. d4 d6 6. Nf3 Bg4 7. h3 Bh5 8. O-O
Bg6 9. a4 a6 10. axb5 axb5 11. Rxa8 Qxa8 12. Re1 Be7 13. Nc3 c6 14. Bg5 f6 15.
Be3 h5 16. Nh4 Bf7 17. Nf5 Bf8 18. Bf4 g6 19. Nh4 g5 20. e5 gxf4 0-1

[Event "AUTO-ADV-3610"]
[Site "http://www.queenalice.com/game.php?id=1414759"]
[Date "2016.3.24"]
[Round "1"]
[White "elconfesor"]
[Black "jupar"]
[Result "0-1"]
[WhiteElo "1599"]
[BlackElo "2007"]

1. e4 e5 2. Bc4 Nc6 3. Nf3 Nf6 4. d3 Bc5 5. Be3 Bb6 6. Ng5 O-O 7. Bxf7+ Rxf7 8.
Nxf7 Kxf7 9. Bg5 d5 10. exd5 Qxd5 11. O-O Bg4 12. Qd2 Nd4 13. Nc3 Qd7 14. f3 Bh5
15. g4 Bg6 16. h4 h6 17. Be3 Nd5 18. h5 Bh7 19. Bxd4 Bxd4+ 20. Kh2 Nf4 21. Rae1
Re8 22. b4 c6 0-1

[Event "AUTO-ADV-3610"]
[Site "http://www.queenalice.com/game.php?id=1414760"]
[Date "2016.3.24"]
[Round "1"]
[White "jupar"]
[Black "elconfesor"]
[Result "1-0"]
[WhiteElo "2009"]
[BlackElo "1597"]

1. d4 d5 2. c4 Nf6 3. Nc3 e6 4. Bg5 c6 5. e3 Bb4 6. Nf3 Bxc3+ 7. bxc3 Qa5 8. Qb3
Ne4 9. Rc1 dxc4 10. Bxc4 Nxg5 11. Ne5 f6 12. Nf3 b5 13. Nxg5 bxc4 14. Qb4 Qxb4
15. cxb4 fxg5 16. Rxc4 Ba6 17. Rc5 Bb7 18. O-O Nd7 19. Rxg5 Ba6 20. Rc1 Bb7 21.
Rxg7 a6 22. h3 O-O-O 23. a4 Rdg8 24. Re7 1-0

[Event "AUTO-ADV-3610"]
[Site "http://www.queenalice.com/game.php?id=1414761"]
[Date "2016.3.24"]
[Round "1"]
[White "elconfesor"]
[Black "Shizumaru_Hisame"]
[Result "0-1"]
[WhiteElo "1706"]
[BlackElo "1819"]

1. e4 e5 2. Bc4 Bc5 3. d3 Bd4 4. Nf3 Nc6 5. c3 Bb6 6. Qb3 f6 7. Bf7+ Kf8 8. Bd5
Nge7 9. Be3 Bxe3 10. fxe3 Nxd5 11. exd5 Ne7 12. e4 c6 13. d6 Ng6 14. Nbd2 Nf4
15. c4 Nxg2+ 16. Kf2 Nf4 0-1

[Event "AUTO-ADV-3610"]
[Site "http://www.queenalice.com/game.php?id=1414762"]
[Date "2016.3.24"]
[Round "1"]
[White "Shizumaru_Hisame"]
[Black "elconfesor"]
[Result "1-0"]
[WhiteElo "1830"]
[BlackElo "1695"]

1. e4 e5 2. Nf3 Nc6 3. Be2 d5 4. exd5 Qxd5 5. O-O Be7 6. c3 e4 7. Ne1 h5 8. Nc2
Bf5 9. Ne3 Qe6 10. Bxh5 g6 11. Be2 Bd6 12. Bg4 Bxh2+ 13. Kh1 Bf4+ 14. Kg1 Nf6
15. f3 Bh2+ 16. Kf2 Bxg4 17. fxg4 1-0

[Event "AUTO-ADV-3610"]
[Site "http://www.queenalice.com/game.php?id=1414763"]
[Date "2016.3.24"]
[Round "1"]
[White "elconfesor"]
[Black "mvson33"]
[Result "0-1"]
[WhiteElo "1677"]
[BlackElo "1906"]

1. e4 d5 2. e5 Bf5 3. Bd3 Bxd3 4. cxd3 e6 5. Qb3 Qc8 6. d4 c5 7. Nf3 Nc6 8. Qa4
Qd7 9. d3 cxd4 10. b3 Nge7 11. b4 Ng6 12. b5 Ncxe5 13. Qb3 Rc8 14. Nbd2 Rc3 15.
Qb1 Nxd3+ 16. Ke2 Ngf4+ 17. Kf1 Rxc1+ 18. Qxc1 Nxc1 19. Rxc1 Qxb5+ 20. Nc4 dxc4
21. g3 c3+ 22. Kg1 Ne2+ 0-1

[Event "AUTO-ADV-3610"]
[Site "http://www.queenalice.com/game.php?id=1414764"]
[Date "2016.3.24"]
[Round "1"]
[White "mvson33"]
[Black "elconfesor"]
[Result "1-0"]
[WhiteElo "1899"]
[BlackElo "1684"]

1. e4 e5 2. Nf3 Nc6 3. Bb5 Nd4 4. Nxd4 exd4 5. d3 c6 6. Bc4 d6 7. O-O Nf6 8. Nd2
b5 9. Bb3 Be6 10. Bxe6 fxe6 11. Nf3 e5 12. Bg5 Be7 13. Nd2 h6 14. Bh4 Qd7 15.
Bxf6 Bxf6 16. Nf3 g5 17. h3 g4 18. hxg4 Qxg4 19. Nh2 Qg5 20. Qg4 Qxg4 21. Nxg4
1-0

[Event "OS INCLIVEIS"]
[Site "http://www.queenalice.com/game.php?id=1416087"]
[Date "2016.4.1"]
[Round "-"]
[White "adelio"]
[Black "elconfesor"]
[Result "1-0"]
[WhiteElo "1780"]
[BlackElo "1560"]

1. f4 f5 2. h4 e6 3. h5 h6 4. c4 Be7 5. g3 b6 6. Nf3 Ba6 7. e3 Nf6 8. Nc3 Ne4 9.
Nxe4 fxe4 10. Nh4 Bxh4 11. Rxh4 Qf6 12. Qc2 Bb7 13. Bg2 Qf5 14. g4 Qf7 15. Bxe4
Bxe4 16. Qxe4 Nc6 17. f5 e5 18. a3 O-O-O 19. b4 Qf6 20. Rh1 Kb8 21. Bb2 Ne7 22.
Bxe5 Qf8 23. Bxc7+ Kxc7 24. b5 d6 25. Qf4 Qf6 26. Ke2 Qg5 27. Qf3 Qf6 28. d4 Ra8
29. Rhc1 Rhc8 30. c5 Kb8 31. c6 Rc7 32. a4 a6 33. Qg3 axb5 34. axb5 Nc8 35. Ra6
Rxa6 36. bxa6 1-0

[Event "AUTO-INT-3091"]
[Site "http://www.queenalice.com/game.php?id=1418387"]
[Date "2016.4.15"]
[Round "2"]
[White "elconfesor"]
[Black "MarceloLopes"]
[Result "0-1"]
[WhiteElo "1572"]
[BlackElo "1673"]

1. e4 e5 2. d4 exd4 3. Qxd4 Nc6 4. Qe3 d6 5. Nc3 Nf6 6. Nd5 Ne5 7. h3 Be6 8.
Nxf6+ Qxf6 9. Bd2 Bc4 10. Nf3 Bxf1 11. Rxf1 Nc4 12. Qb3 Nxd2 0-1

[Event "AUTO-INT-3091"]
[Site "http://www.queenalice.com/game.php?id=1418388"]
[Date "2016.4.15"]
[Round "2"]
[White "MarceloLopes"]
[Black "elconfesor"]
[Result "1-0"]
[WhiteElo "1660"]
[BlackElo "1585"]

1. e4 e5 2. Nf3 Nc6 3. Bb5 Nd4 4. Nxd4 exd4 5. d3 c6 6. Bc4 d6 7. c3 dxc3 8.
Nxc3 Be6 9. O-O Bxc4 10. dxc4 Qc7 11. b4 O-O-O 12. Bf4 Qe7 13. Re1 1-0

[Event "AUTO-INT-3091"]
[Site "http://www.queenalice.com/game.php?id=1418389"]
[Date "2016.4.15"]
[Round "2"]
[White "elconfesor"]
[Black "Laercio"]
[Result "0-1"]
[WhiteElo "1601"]
[BlackElo "2066"]

1. e4 e5 2. Bc4 Nf6 3. Nc3 Bb4 4. d3 O-O 5. Nf3 Nc6 6. Ng5 h6 7. Nf3 a6 8. Bd2
d6 9. Nd5 Nxd5 10. Bxd5 Bxd2+ 11. Qxd2 Bg4 12. h3 Bxf3 13. gxf3 Nd4 14. Qd1 Qf6
0-1

[Event "AUTO-INT-3091"]
[Site "http://www.queenalice.com/game.php?id=1418390"]
[Date "2016.4.15"]
[Round "2"]
[White "Laercio"]
[Black "elconfesor"]
[Result "1-0"]
[WhiteElo "2058"]
[BlackElo "1635"]

1. e4 e5 2. Nf3 Nc6 3. Nc3 Bc5 4. Bb5 d6 5. Bxc6+ bxc6 6. O-O Bg4 7. h3 Bh5 8.
g4 Bg6 9. d3 h5 10. g5 f6 11. Bd2 f5 12. exf5 Bxf5 13. Nh4 Bxh3 14. Qf3 1-0

[Event "AUTO-INT-3095"]
[Site "http://www.queenalice.com/game.php?id=1418467"]
[Date "2016.4.15"]
[Round "2"]
[White "elconfesor"]
[Black "daniel0176"]
[Result "0-1"]
[WhiteElo "1633"]
[BlackElo "1678"]

1. e4 c6 2. d4 d5 3. e5 e6 4. Nf3 h6 5. Be3 Bb4+ 6. c3 Ba5 7. b4 Bc7 8. a4 a5 9.
b5 cxb5 10. Bxb5+ Bd7 11. Qb3 Ne7 12. Bxd7+ Nxd7 13. Qxb7 Nb6 14. c4 O-O 15. c5
Rb8 16. Qa6 Nc6 17. cxb6 Bxb6 0-1

[Event "AUTO-INT-3095"]
[Site "http://www.queenalice.com/game.php?id=1418468"]
[Date "2016.4.15"]
[Round "2"]
[White "daniel0176"]
[Black "elconfesor"]
[Result "1-0"]
[WhiteElo "1692"]
[BlackElo "1619"]

1. e4 e5 2. Nf3 Nc6 3. c3 Bc5 4. d4 exd4 5. cxd4 Bb6 6. Bb5 a6 7. Bxc6 dxc6 8.
h3 Be6 9. O-O h6 10. Nc3 g5 11. d5 cxd5 12. exd5 Bd7 13. Re1+ Kf8 14. Ne5 Bf5
15. Be3 Bxe3 16. Rxe3 Ne7 17. Ne2 1-0